Statistics for ♫ I've Got a Dream Lyrics - from Tangled ♫

Click here to take the quiz!

General Stats

  • This quiz has been taken 865 times
  • The average score is 273 of 426

Answer Stats

Lyric% Correct
a
99%
I
99%
dream
96%
got
95%
I've
94%
an
91%
the
90%
and
89%
And
89%
to
89%
my
86%
My
86%
see
85%
See
85%
I'm
83%
You
83%
you
83%
me
82%
no
81%
be
76%
so
75%
So
75%
gleam
74%
On
74%
on
74%
in
73%
want
73%
do
72%
does
72%
love
72%
not
71%
like
70%
Like
70%
mean
70%
scary
69%
pianist
67%
with
67%
are
66%
can
66%
But
65%
He's
65%
They
65%
they
65%
hook
64%
every
63%
down
62%
could
60%
despite
60%
is
60%
really
60%
Really
60%
that
60%
always
59%
hands
59%
lanterns
59%
Mozart
59%
cleanest
58%
concert
58%
dairy
58%
just
58%
Just
58%
look
58%
malicious
57%
stage
57%
Can't
55%
deep
55%
money
55%
curdle
54%
of
54%
performin'
54%
floating
53%
She's
53%
by
52%
evil
52%
inside
52%
nose
52%
way
52%
team
51%
violence
50%
wise
50%
island
49%
little
49%
temper
49%
tower
49%
Ticklin'
48%
'til
48%
unicorns
48%
lady
47%
connection
46%
ivories
46%
Surrounded
46%
all
45%
glad
45%
have
45%
left
45%
piles
45%
sneer
45%
Killer
44%
killer
44%
enormous
42%
hour
42%
make
42%
Rowin'
42%
stream
42%
as
41%
Cause
41%
own
41%
passing
41%
alone
39%
lover
39%
rowboat
39%
design
38%
feely
38%
I'd
38%
toes
38%
touchy
38%
dreams
37%
fighter
37%
interior
37%
Though
37%
yearned
37%
For
36%
less
36%
lovely
36%
one
36%
seem
36%
special
36%
ain't
35%
Call
35%
ceramic
35%
deadly
35%
else
35%
everybody
35%
extra
35%
here
35%
We've
35%
folks
34%
rather
34%
complexion
33%
even
33%
much
33%
something
33%
cupcakes
32%
let's
32%
mention
32%
oozes
32%
called
31%
cruel
31%
vicious
31%
bruises
30%
collects
30%
dreamers
30%
goiter
30%
it
30%
knits
30%
lumps
30%
medley
30%
puppet
30%
sunny
30%
warm
30%
count
29%
mime
29%
scars
29%
shows
29%
show-tune
29%
breaking
28%
rested
28%
sews
28%
Yes
27%
femurs
26%
florist
26%
happen
26%
somewhere
26%
sublime
26%
disgusting
25%
know
25%
will
24%
Gunther
23%
Bruiser
22%
day
22%
into
22%
Vladimir
22%
behind
21%
blighter
21%
child
21%
quit
21%
supreme
21%
Tanned
21%
Thank
21%
face
20%
mainly
20%
Plus
20%
romance
20%
There's
20%
would
20%
Yeah
20%
people
19%
reign
19%
screaming
19%
dreaming
17%
They've
17%
Yep
17%
leaves
16%
big
14%
us
14%
We're
14%
Attila's
12%
Ulf
12%
extreme
10%
Fang
10%
brutal
9%
our
9%
differences
8%
optimistic
8%
Sadistic
8%
Tor
7%
grotesquely
6%
Sick
6%

Score Distribution

Percentile by Number Answered

Percent of People with Each Score

Your Score History

You have not taken this quiz